[Event "ITA-ch U16"]
[Site "Tarvisio"]
[Date "2014.06.29"]
[Round "1"]
[White "Pani, Paolo"]
[Black "Dobboletta, Alex"]
[Result "1-0"]
[WhiteElo "1660"]
[BlackElo "2041"]
[PlyCount "96"]
[EventDate "2014.06.29"]
[EventType "swiss"]
[EventRounds "9"]
[EventCountry "ITA"]
[SourceTitle "EXT 2015"]
[Source "ChessBase"]
[SourceDate "2014.11.20"]
[SourceVersion "1"]
[SourceVersionDate "2014.11.20"]
[SourceQuality "1"]

1. e4 c5 2. Nf3 d6 3. Bb5+ Nd7 4. 0-0 a6 5. Bxd7+ Bxd7 6. Nc3 e5 7. d3 Nf6 8. Bg5 h6 9. Be3 Be7 10. Nd2 Bc6 11. f4 exf4 12. Bxf4 0-0 13. Kh1 d5 14. exd5 Nxd5 15. Nxd5 Qxd5 16. Qf3 Qxf3 17. Nxf3 Rfe8 18. Ne5 Bd5 19. Nd7 Rad8 20. Nb6 Be6 21. Bc7 Rd4 22. a3 Bd8 23. Bxd8 Rexd8 24. b3 R8d6 25. Na4 Rc6 26. Nc3 b5 27. Ne2 Rd7 28. Nf4 Bf5 29. a4 c4 30. axb5 axb5 31. bxc4 bxc4 32. Rad1 cxd3 33. Nxd3 Be4 34. Rfe1 Rxc2 35. Rxe4 Rxd3 36. Rf1 Rdd2 37. Rg1 Rf2 38. h4 h5 39. Kh2 Kh7 40. Kh3 Kg6 41. Rd4 f6 42. Re4 Kf5 43. Rb4 g5 44. hxg5 fxg5 45. Rb5+ Kf4 46. Rb4+ Ke3 47. Rb3+ Kd4 48. Rg3 Kd5 1-0